Guides des premiers secours (Record no. 53795)

MARC details
000 -LEADER
fixed length control field 00555nam a22001937a 4500
008 - FIXED-LENGTH DATA ELEMENTS--GENERAL INFORMATION
fixed length control field 131002t xxu||||| |||| 00| 0 eng d
020 ## - INTERNATIONAL STANDARD BOOK NUMBER
International Standard Book Number 979-2-7114-1950-0
040 ## - CATALOGING SOURCE
Original cataloging agency BUAC
Transcribing agency SDINJS
041 ## - LANGUAGE CODE
Language code of text/sound track or separate title FR
082 ## - DEWEY DECIMAL CLASSIFICATION NUMBER
Classification number 614.88(075) AGO
100 ## - MAIN ENTRY--PERSONAL NAME
Personal name AGOSTINUCCI, Jean-Marc.-
9 (RLIN) 28719
245 ## - TITLE STATEMENT
Title Guides des premiers secours
260 ## - PUBLICATION, DISTRIBUTION, ETC. (IMPRINT)
Place of publication, distribution, etc Paris:
Name of publisher, distributor, etc Slovérie par Polygraf,
Date of publication, distribution, etc 2009.-
300 ## - PHYSICAL DESCRIPTION
Extent 271p.;
Other physical details illustré;
Dimensions 21 cm.-
650 ## - SUBJECT ADDED ENTRY--TOPICAL TERM
Topical term or geographic name as entry element Secourisme
9 (RLIN) 28720
700 ## - ADDED ENTRY--PERSONAL NAME
Personal name BERTRAND, Philippe
9 (RLIN) 28721
700 ## - ADDED ENTRY--PERSONAL NAME
Personal name DEZALAY, Sandrine
9 (RLIN) 28722
942 ## - ADDED ENTRY ELEMENTS (KOHA)
Item type Livre
Holdings
Withdrawn status Lost status Damaged status Not for loan Location (home branch) Sublocation or collection (holding branch) Date acquired Koha issues (times borrowed) Koha full call number Piece designation (barcode) Koha date last seen Copy number Price effective from Koha item type Public note
        Service Documentation Institut National Jeunesse Sport Service Documentation Institut National Jeunesse Sport 02/10/2013   614.88(075) AGO 4084INJEPS 02/10/2013 1 02/10/2013 Livre Exclu de prêt
        Service Documentation Institut National Jeunesse Sport Service Documentation Institut National Jeunesse Sport 02/10/2013   614.88(075) AGO 4229INJEPS 02/10/2013 2 02/10/2013 Livre  


© 2008, Bibliothèques de l'Université d'Abomey-Calavi

04 BP 789 Cotonou, Tél. : +229 21 36 01 01, Fax : +229 21 35 06 32

Courriel : bu@bu.uac.bj